Films des années 1980 par images - Statistiques

Statistiques générales
  • Ce quiz a été pris 81 fois
  • Le résultat moyen est 15 sur 20
Statistiques - réponses
Par images Réponse % Correct
Retour vers le futur
100%
E.T., l'extra-terrestre
99%
Indiana Jones et les Aventuriers de l'arche perdue
99%
La Soupe aux choux
94%
Top Gun
94%
La Boum
87%
Dirty Dancing
84%
Terminator
84%
Le Grand Bleu
79%
SOS Fantômes
79%
Le Cercle des poètes disparus
73%
L'avare
71%
La Chèvre
70%
Elephant Man
68%
Scarface
68%
Star Wars, épisode V : L'Empire contre-attaque
58%
Good Morning, Vietnam
56%
Papy fait de la résistance
56%
Le Dernier Empereur
39%
Itinéraire d'un enfant gâté
32%
Aucun quiz correspondant
Distribution des résultats
% des personnes avec chaque résultat
Percentile par nombre de réponses
Votre historique - résultats
Vous n’avez pas pris ce quiz